00341 a2200121 4500050002100000245007300021264003900094300001200133500002800145650001500173700001400188700001700202 aKTL19.A35SOU1966 aSouth African Law Reports:b1966 (2) May /cDuncan Graeme [et...al] aCape Town:bJuta and CO,LTD,c1966 a502p. : aincludes table of cases alaw report aBarnett M aBuchanan J.L